Loreto College Library, Kolkata
WEBOPAC (ONLINE PUBLIC ACCESS CATALOGUE)

Education in the Fourth Plan (Record no. 25795)

MARC details
000 -LEADER
fixed length control field 00621nam a2200241Ia 4500
005 - DATE AND TIME OF LATEST TRANSACTION
control field 20240423133754.0
008 - FIXED-LENGTH DATA ELEMENTS--GENERAL INFORMATION
fixed length control field 131103s9999 xx 000 0 und d
040 ## - CATALOGING SOURCE
Original cataloging agency Loreto College
041 ## - LANGUAGE CODE
Language code English
082 ## - DDC | ডিউই
Classification number | বর্গসংখ্যা 370.954
Book Number | গ্রন্থাঙ্ক NAI
100 ## - MAIN ENTRY--PERSONAL NAME | মুখ্য সংলেখ - ব্যাক্তিনাম
Personal name | ব্যাক্তিনাম Naik,J.P.
245 ## - TITLE STATEMENT | অাখ্যা বিবরণী
Title | অাখ্যা Education in the Fourth Plan
Statement of responsibility | লেখকের দায়িত্বের বিবরণ J.P.Naik
250 ## - EDITION STATEMENT | সংস্করণ ক্ষেত্র
Edition statement | সংস্করণ review and perspective
260 ## - IMPRINT | প্রকাশনা ক্ষেত্র
Place of publication | প্রকাশ স্থান Bombay
Name of publisher | প্রকাশকের নাম Nachiketa
Date of publication | প্রকাশ কাল 1968
300 ## - PHYSICAL DESCRIPTION |
Page / Vol. No | পৃষ্ঠা / খন্ড সংখ্যা 122 p.
440 ## - SERIES STATEMENT |গ্রন্থমালা
Series Title | গ্রন্থমালা অাখ্যা Indian Committee For Cultural Freedom
504 ## - BIBLIOGRAPHY, ETC. NOTE
Bibliography, etc Includes appendix
630 ## - SUBJECT ADDED ENTRY--UNIFORM TITLE
Uniform title India - Education
650 ## - SUBJECT ADDED ENTRY--TOPICAL TERM | বিষয় শিরোনাম - মূল বিষয়
Topical term | মূল বিষয় Education
651 ## - SUBJECT ADDED ENTRY--GEOGRAPHIC NAME | বিষয় শিরোনাম - ভৌগলিক নাম
Geographic name | ভৌগলিক বিষয় India
850 ## - HOLDING INSTITUTION
Holding institution LCBED
942 ## - ADDED ENTRY ELEMENTS (KOHA)
Koha item type Books
Holdings
Withdrawn status Lost status Source of classification Damaged status Not for loan Home library Current library Date acquired Total Checkouts Full call number Accession No. Date last seen Price effective from Koha item type Coded location qualifier
    Dewey Decimal Classification     Loreto College Loreto College 04/11/2013   370.954 NAI 1018 B28634 04/11/2013 04/11/2013 Books